ARRUPE JESUIT UNIVERSITY

CORONAVIRUS -STOP THE SPREAD - CLEAN,DISINFECT,COVER

Sidney a defence of poetry (Record no. 122364)

MARC details
000 -LEADER
fixed length control field 00480nam a22001577a 4500
008 - FIXED-LENGTH DATA ELEMENTS--GENERAL INFORMATION
fixed length control field 150310b xxu||||| |||| 00| 0 eng d
020 ## - INTERNATIONAL STANDARD BOOK NUMBER
International Standard Book Number 019911022
050 ## - LIBRARY OF CONGRESS CALL NUMBER
Classification number PN1031.S65 1966
100 ## - MAIN ENTRY--PERSONAL NAME
Personal name Sidney, Phillip
9 (RLIN) 16072
245 ## - TITLE STATEMENT
Title Sidney a defence of poetry
Statement of responsibility, etc /by Phillip Sidney
260 ## - PUBLICATION, DISTRIBUTION, ETC. (IMPRINT)
Place of publication, distribution, etc London
Name of publisher, distributor, etc Oxford university Press
Date of publication, distribution, etc 1966
300 ## - PHYSICAL DESCRIPTION
Extent 112p. ;
Dimensions 19cm.
650 ## - SUBJECT ADDED ENTRY--TOPICAL TERM
Topical term or geographic name as entry element Poetry
General subdivision Early works
9 (RLIN) 16071
700 ## - ADDED ENTRY--PERSONAL NAME
Personal name Dorsten, J.A. Van (ed.)
9 (RLIN) 16073
942 ## - ADDED ENTRY ELEMENTS (KOHA)
Source of classification or shelving scheme Library of Congress Classification
Item type Monograph ( Printed materials)
Holdings
Withdrawn status Lost status Source of classification or shelving scheme Damaged status Not for loan Collection code Home library Current library Shelving location Date acquired Total Checkouts Full call number Barcode Date last seen Date last borrowed Price effective from Koha item type
    Library of Congress Classification     Main Collection ARRUPE LIBRARY ARRUPE LIBRARY Main Collection 10/03/2015 1 PN1031.S65 1966 46500002765 27/03/2019 21/08/2017 10/03/2015 Monograph ( Printed materials)

 

Arrupe Library. PO Box MP320 Mt Pleasant, Harare, Zimbabwe
263 242 745411|librarian@aju.ac.zw